[Event "IECG CN.2000.0.00170"]
[Site "IECG email"]
[Date "2000.01.26"]
[Round "?"]
[White "Mellings, David"]
[Black "Raeuchle, Walter"]
[Result "0-1"]
[WhiteElo "800"]
[BlackElo "800"]
[PlyCount "76"]
[EventDate "2000.01.26"]
[EventType "tourn (corr)"]
[EventRounds "6"]
[SourceTitle "Corr 2008"]
[Source "ChessBase"]
[SourceDate "2008.06.24"]
[SourceVersion "1"]
[SourceVersionDate "2008.06.24"]
[SourceQuality "1"]

1. e4 e5 2. Nc3 Bc5 3. Nf3 d6 4. d3 Ne7 5. Be2 0-0 6. 0-0 f5 7. a3 a6 8. Bg5 Nbc6 9. b4 Bd4 10. Nxd4 Nxd4 11. Nd5 Ndc6 12. d4 exd4 13. Nxe7+ Nxe7 14. exf5 Rxf5 15. f4 h6 16. Bxe7 Qxe7 17. Qd2 c5 18. Bc4+ Kh8 19. Rae1 Qf8 20. c3 dxc3 21. Qe3 Bd7 22. g4 Rf6 23. g5 Rg6 24. Bd3 Re8 25. Qc1 Rxe1 26. Rxe1 Bf5 27. Qxc3 cxb4 28. axb4 Bxd3 29. Qxd3 Qf7 30. Kh1 hxg5 31. Rc1 gxf4 32. Rc8+ Kh7 33. Qh3+ Rh6 34. Qd3+ Qg6 35. Qf1 Qe4+ 36. Qg2 Qe1+ 37. Qg1 Qxb4 38. Rc7 Rg6 0-1

[Event "SEMI ECT 4-B email"]
[Site "SEMI email"]
[Date "2000.??.??"]
[Round "?"]
[White "Mellings, David"]
[Black "Torres, Alejo Santiago Jose"]
[Result "0-1"]
[WhiteElo "1000"]
[BlackElo "1550"]
[PlyCount "86"]
[EventDate "2000.04.??"]
[EventType "tourn (corr)"]
[EventRounds "8"]
[EventCountry "ITA"]
[SourceTitle "Corr 2008"]
[Source "ChessBase"]
[SourceDate "2008.06.24"]
[SourceVersion "1"]
[SourceVersionDate "2008.06.24"]
[SourceQuality "1"]

1. e4 e5 2. Nf3 Nc6 3. c3 Nf6 4. d4 Nxe4 5. Nxe5 Nxe5 6. Nd2 Nxd2 7. Bxd2 Nc6 8. Bd3 d5 9. Be3 Be6 10. Qf3 Bd6 11. a3 0-0 12. 0-0 Qh4 13. g3 Qh3 14. Rfe1 Rae8 15. Bf1 Qf5 16. Qxf5 Bxf5 17. Bg2 Be4 18. b4 f5 19. f3 Bd3 20. f4 Be4 21. Bd2 a5 22. b5 Na7 23. Bxe4 Rxe4 24. a4 Rfe8 25. Rad1 Rxe1+ 26. Bxe1 Re2 27. Bf2 Ra2 28. Re1 Kf7 29. c4 dxc4 30. d5 b6 31. Kg2 Bc5 32. Kh3 Bxf2 33. Rc1 Rxa4 34. d6 cxd6 35. Rc2 Bc5 36. Kh4 Nxb5 37. h3 Nd4 38. Rf2 c3 39. Kh5 g6+ 40. Kh6 Ne6 41. h4 Bd4 42. Rc2 Bg7+ 43. Kxh7 Nf8# 0-1